Quizzes
Events
Quiz Creation
Community
Videos
Private Events
Remove Ads
Sign In
Join for FREE
Feedback
Dark Mode
Quiz Categories
Sports
Geography
Music
Movies
Television
Just For Fun
Miscellaneous
History
Literature
Language
Science
Gaming
Entertainment
Religion
Holiday
For Kids
Quiz Lab
Recent
Popular Today
Quiz Kudos Today
Editor Picks
Curator Picks
Quizzes by...
Day
Popularity
Type
Ratings
Length
Year
Community
Subscriptions
Recent Discussions
Orange Saloon
Badges
Playlists
Quests
Create
Leaderboards
Showdown
Live 5
Trivia Bingo
Activity
Puzzle Library
Sporcle Events
Private Events
Virtual Trivia
Globe League
Become a Host
Pub Owners
SporcleCon
Opinionation
Our Games
Videos
Blog
Mobile Apps
Partnerships
Remove Ads and Go Orange
Feedback
Music
Pop Music
The Beatles
Song
Album
Lyrics
Bands
Singers
Artist
Clip
Rock
Rap
Classical
Billboard
Country Music
Kpop
Taylor Swift
Music
Pop Music
The Beatles
Song
Album
Lyrics
Bands
Singers
Artist
Clip
Rock
Rap
Classical
Billboard
Country Music
Kpop
Taylor Swift
Random Quiz
Search Sporcle
×
Quiz Lab
Quiz Lab
Music
Artist
Type in answers that appear in a list
Type in answers that appear in a list
Classic
Best Score? Go Orange.
Dutch Top 40: 3+ #1 Hits Stats
Can you name the artists with 3 or more number 1s on the Dutch Top 40?
By
st3volution
5m
55 Questions
455 Plays
455 Plays
455 Plays
Comments
Comments
Give Quiz Kudos
Give Quiz Kudos
-
- Ratings
hide this ad
Replay
Link that replays current quiz
Next Quiz
Link to next quiz in quiz playlist
You Got
0%
They Got
Avg Score
44%
Avg Friend Score
Upgrade to see
Score Distribution
Jump to the score distribution portion of the page
Score
0/55
Timer
05:00
0
Plays Today
First #1 song
Artist
% Correct
Rolling in the Deep
Adele
92.3%
Bohemian Rhapsody
Queen
91.9%
I kissed a girl
Katy Perry
82.8%
Zij gelooft in mij
André Hazes
78.6%
...Baby one more time
Britney Spears
78.6%
Het is een nacht (Levensecht)
Guus Meeuwis
78.1%
Dromen zijn bedrog
Marco Borsato
76.5%
Wake Me Up
Avicii
75%
Where is the love?
The Black Eyed Peas
72.2%
Whenever, Wherever
Shakira
71.6%
Reünie
Snelle
69.9%
What do you mean?
Justin Bieber
68.8%
Thinking Out Loud
Ed Sheeran
68.8%
(I Can't Get No) Satisfaction
The Rolling Stones
67%
Duurt te lang
Davina Michelle
66.5%
In the air tonight
Phil Collins
65.2%
Fernando
ABBA
64.3%
Beautiful day
U2
63.7%
I wanna dance with somebody
Whitney Houston
63%
Just Dance
Lady Gaga
62.3%
Careless Whisper
George Michael
62.1%
You're the one that I want
Olivia Newton-John
58.9%
Red red wine
UB40
56%
Nikita
Elton John
55.3%
Under Pressure
David Bowie
54%
It Wasn't Me
Shaggy
52.8%
I Feel Fine
The Beatles
51.2%
Ik zing dit lied voor jou alleen
Jan Smit
51%
First #1 song
Artist
% Correct
Into the groove
Madonna
50.3%
Feel
Robbie Williams
48.8%
Willempie
André van Duin
48.3%
Ticket to the tropics
Gerard Joling
48.3%
Beautiful Liar
Beyoncé
45.5%
Dong dong diki digi dong
Golden Earring
44.5%
Nothin' on you
Bruno Mars
42.9%
Summer
Calvin Harris
42.2%
I Know You Want Me (Calle Ocho)
Pitbull
38.4%
One Day In Your Life
Michael Jackson
35.7%
One (Your Name)
Pharrell
33.4%
Cowboy
Ch!pz
32.1%
Twilight zone
2 Unlimited
29.6%
Have You Ever Been Mellow?
Party Animals
27.8%
Massachusetts
Bee Gees
27.1%
Could I Have This Kiss Forever
Enrique Iglesias
26.2%
Congratulations
Cliff Richard
25.1%
Sunny
Boney M
24.4%
Think twice
Céline Dion
23.7%
Dyna-
mite
Mud
18.5%
Lea
The Cats
18.3%
Something to Say
Kane
14.7%
Dedicated follower of fashion
The Kinks
14.2%
Zou het erg zijn lieve opa
Vader Abraham
13.8%
Soley soley
Middle of the Road
12.9%
Sing a song of love
George Baker Selection
11.7%
Funny funny
The Sweet
8.4%
Quiz Playlist
Details
Report
Send in Message
Add To Playlist
Classic:
Type in answers that appear in a list
Last Updated: Jan 25, 2022
Quiz Scoreboard
CHALLENGE
Sign Up to Join the Scoreboard
Show All
Scores
Hide
Comments
May contain spoilers
Recently Published
Movies - When Are They Set?
by FPL_Elf
Movies
5m
Popular People in 1961
by mucciniale
History
6m
1-10 Letter E Words III
by El_Dandy
Language
2m
More to Explore
Quiz From the Vault
Featured Blog Post
Where Did the Easter Bunny Come From?
hide this ad
You Might Also Like...
Tags
Artist Quiz
#1s
#1 Singles
Chart Hits
dutch
Hit Chart
Hit Singles
Music Charts
Singles Chart
Top 40
Top Artists
Today's Top Quizzes in Music
Browse Music
hide this ad
Today's Top Quizzes in Artist
Browse Artist
Top Contributed Quizzes in Music
1
Taylor Swift All Songs (2024)
2
2010s Album by Cover III
3
One Thing in Common: Music
4
Taylor Swift Logic Puzzle
5
Guess the Artist- 70s Songs
6
2010s Album by Cover IV
7
Guess the Taylor Swift song (Mystery Song)
8
2010s Album by Cover V
9
Lana Del Rey Discography (BTD to DYKTTATUOB)
10
2010s Album by Cover VI
Explore More
Trending Topics
Harry Potter
Marvel
NBA
Disney
Anime
Crossword
Kpop
WWE
Song
The Office
NFL
Pokémon
Puzzle
Soccer
Country
hide this ad
More By:
st3volution
Quiz
Plays
Rating
Category
Featured
Created
Three Hits in One Year (UK)
8,447
4.37
Music
Oct 5, 2021
Criteria Characters: Game of Thrones
5,298
3.22
Television
Aug 25, 2015
Album by Shopping Receipt III
3,031
4.00
Music
Oct 22, 2021
Three Hits in One Year (UK) XII
2,241
4.58
Music
Oct 16, 2021
Criteria Characters: Game of Thrones II
2,156
4.43
Television
Aug 31, 2015
Go to Creator's Profile
Score Distribution
Quiz Creator Spotlight
st3volution
Follow
Send a Message
Quizzes Created
-
Created Quiz Play Count
-
More By This Creator
Popular Quizzes Today
1
Find the US States - No Outlines Minefield
2
Find the Countries of Europe - No Outlines Minefield
3
The Countries of the World
4
Popular People in 1961
5
1-10 Letter E Words III
6
US States
7
Find the US States
8
One Thing in Common: World Cities II
More Music Quizzes
Are You Smarter Than a Music Curator?
Editor's Pick
Trending Quizzes
Risky Map Clicking: Least Populous States A-Z
1-10 Letter F Words
1-10 Letter G Words
One Thing in Common: United Kingdom
Risky Map Clicking: Next State Alphabetically
Recently Updated
Leaping Animals
pecheneg
Reality TV Shows (A-Z)
bhenderson79
Rickey Henderson's Hall of Fame Teammates
pecheneg
Champions League XIs: Arsenal
pecheneg
Quick Pick: Celebrities in WWE's Hall of Fame
aduchscher
A-Z Keypad Blitz II
pecheneg
Multiple Oscar Actors
pecheneg
Mystery Phrase Blitz: Oscar 'Best Actors'
pecheneg
F. Scott Fitzgerald Novels
LTH
Pick 3 Villains
ddd62291
Trending Topics
Kpop
Crossword
Harry Potter
Disney
Anime
NBA
Marvel
Song
WWE
Soccer
Puzzle
Country
Pokémon
The Office
NFL
Your Account Isn't Verified!
In order to create a playlist on Sporcle, you need to verify the email address you used during registration. Go to your
Sporcle Settings
to finish the process.
Report this User
Report this user for behavior that violates our
Community Guidelines
.
Details:
Send Report
Go to the Sporcle.com Mobile Site →
Comments